Gemeinden und Städte im Landkreis München auf einer Karte - Statistiken

Allgemein
  • Dieses Quiz wurde 71 mal gespielt
  • Das Durchschnittsergebnis liegt bei 17 aus 32
Antworten auf der Karte
Die Antworten werden auf der Karte rot bzw. grün angezeigt, abhängig davon wie oft sie richtig erraten wurden.
 
Antwortstatistiken
Art Antwort % Korrekt
Gemeinde Grünwald
85%
Gemeinde Unterhaching
85%
Stadt Garching b. München
83%
Gemeinde Ottobrunn
78%
Stadt Haar
74%
Gemeinde Ismaning
70%
Gemeinde Oberhaching
70%
Stadt Unterschleißheim
70%
Gemeinde Oberschleißheim
67%
Gemeinde Feldkirchen
65%
Gemeinde Unterföhring
59%
Gemeinde Taufkirchen
57%
Gemeinde Aschheim
54%
Gemeinde Aying
54%
Gemeinde Grasbrunn
52%
Gemeinde Planegg
52%
Gemeinde Pullach i. Isartal
52%
Gemeinde Kirchheim b. München
50%
Gemeinde Neubiberg
50%
Gemeinde Neuried
50%
Gemeinde Sauerlach
50%
Gemeinde Brunnthal
46%
Gemeinde Putzbrunn
46%
Gemeinde Hohenbrunn
43%
Gemeinde Gräfelfing
41%
Gemeinde Baierbrunn
35%
Gemeinde Schäftlarn
33%
Gemeinde Höhenkirchen-Siegertsbrunn
28%
Gemeinde Straßlach-Dingharting
20%
Gemeindefreies Gebiet Perlacher Forst
17%
Gemeindefreies Gebiet Forstenrieder Park
13%
Gemeindefreies Gebiet Grünwalder Forst
13%
Keine übereinstimmenden Quizze gefunden
Verteilung der Resultate
Anzahl Personen mit jedem Resultat
Perzentil nach korrekt beantworteten Fragen
Ihre Resultats-Entwicklung
Sie haben dieses Quiz noch nicht gespielt